<?xml version="1.0" encoding="UTF-8"?>
<record
    xmlns:xsi="http://www.w3.org/2001/XMLSchema-instance"
    xsi:schemaLocation="http://www.loc.gov/MARC21/slim http://www.loc.gov/standards/marcxml/schema/MARC21slim.xsd"
    xmlns="http://www.loc.gov/MARC21/slim">

  <leader>00755nam a2200205 i 4500</leader>
  <controlfield tag="001">183534</controlfield>
  <controlfield tag="003">ES-MaACL</controlfield>
  <controlfield tag="005">20250804063442.0</controlfield>
  <controlfield tag="008">140716s2013    sp     | |||||||| | spa d</controlfield>
  <datafield tag="080" ind1=" " ind2=" ">
    <subfield code="a">821.134.2-31"20"</subfield>
  </datafield>
  <datafield tag="100" ind1="1" ind2=" ">
    <subfield code="a">Reyes Mart&#xED;nez, Antonio, </subfield>
    <subfield code="d">1975-</subfield>
    <subfield code="9">154976</subfield>
  </datafield>
  <datafield tag="245" ind1="1" ind2="4">
    <subfield code="a">Las sendas imborrables / </subfield>
    <subfield code="c">Antonio Reyes.</subfield>
  </datafield>
  <datafield tag="260" ind1=" " ind2=" ">
    <subfield code="a">[Ja&#xE9;n?] : </subfield>
    <subfield code="b">A. Reyes, </subfield>
    <subfield code="c">D.L. 2013 (</subfield>
    <subfield code="e">Torredonjimeno, Ja&#xE9;n : </subfield>
    <subfield code="f">Gr&#xE1;fs. &#xC1;guila)</subfield>
  </datafield>
  <datafield tag="300" ind1=" " ind2=" ">
    <subfield code="a">301 p. ; </subfield>
    <subfield code="c">22 cm.</subfield>
  </datafield>
  <datafield tag="852" ind1=" " ind2=" ">
    <subfield code="a">ES-MaACL</subfield>
    <subfield code="j">A-13145</subfield>
    <subfield code="9">190475</subfield>
    <subfield code="b">R.149985</subfield>
    <subfield code="c">DEPO1</subfield>
    <subfield code="d">Olim:N-6145</subfield>
    <subfield code="g">Dedicatoria :aut&#xF3;grafa del autor</subfield>
    <subfield code="h">donaci&#xF3;n: del autor Antonio Reyes</subfield>
  </datafield>
  <datafield tag="903" ind1=" " ind2=" ">
    <subfield code="9">96559</subfield>
    <subfield code="a">Reyes, Antonio</subfield>
    <subfield code="e">dnr</subfield>
  </datafield>
  <datafield tag="942" ind1=" " ind2=" ">
    <subfield code="2">udc</subfield>
    <subfield code="c">MONOGRAFIA</subfield>
  </datafield>
  <datafield tag="999" ind1=" " ind2=" ">
    <subfield code="c">183534</subfield>
    <subfield code="d">183534</subfield>
  </datafield>
  <datafield tag="952" ind1=" " ind2=" ">
    <subfield code="0">0</subfield>
    <subfield code="1">0</subfield>
    <subfield code="2">udc</subfield>
    <subfield code="4">0</subfield>
    <subfield code="7">0</subfield>
    <subfield code="8">Librosdedicados</subfield>
    <subfield code="a">ATENEOM</subfield>
    <subfield code="b">ATENEOM</subfield>
    <subfield code="c">DEPO1</subfield>
    <subfield code="d">2014-07-16</subfield>
    <subfield code="e">DONACION</subfield>
    <subfield code="l">0</subfield>
    <subfield code="o">A-13145</subfield>
    <subfield code="p">1192912</subfield>
    <subfield code="r">2023-02-23 00:00:00</subfield>
    <subfield code="w">2023-02-23</subfield>
    <subfield code="y">MONOGRAFIA</subfield>
    <subfield code="z"> Dedicatoria aut&#xF3;grafa de la autor</subfield>
  </datafield>
</record>
